Zvyšovanie konkurencieschopnosti podnikov riadením projektov
Význam projektového riadenia. Výhody projektového riadenia. Problémy pri absencii projektového riadenia. Projektovo orientovaná organizácia. Transformačný proces vedúci k vytvoreniu vyspelej projektovo–orientovanej organizácie. Výskum aktuálneho stavu v oblasti projektového riadenia v slovenských po...
Gespeichert in:
| 1. Verfasser: | |
|---|---|
| Weitere Verfasser: | , |
| Format: | Buchkapitel |
| Sprache: | Slowakisch |
| Schlagworte: | |
| Tags: |
Keine Tags, Fügen Sie das erste Tag hinzu!
|
MARC
| LEADER | 00000nla a2200000 4500 | ||
|---|---|---|---|
| 001 | 0211241 | ||
| 005 | 20240502083527.7 | ||
| 041 | 0 | |a slo | |
| 044 | |a CZ | ||
| 245 | 1 | 0 | |a Zvyšovanie konkurencieschopnosti podnikov riadením projektov |c Vladimír Bolek, Anna Hamranová, Štefan Marsina |
| 520 | |a Význam projektového riadenia. Výhody projektového riadenia. Problémy pri absencii projektového riadenia. Projektovo orientovaná organizácia. Transformačný proces vedúci k vytvoreniu vyspelej projektovo–orientovanej organizácie. Výskum aktuálneho stavu v oblasti projektového riadenia v slovenských podnikoch. | ||
| 610 | 2 | 0 | |a riadenie projektové |
| 610 | 2 | 0 | |a projekty |
| 610 | 2 | 0 | |a konkurencieschopnosť |
| 610 | 2 | 0 | |a podnik |
| 610 | 2 | 0 | |a organizácia |
| 610 | 2 | 0 | |a vedomosti |
| 610 | 2 | 0 | |a vzdelávanie |
| 610 | 2 | 0 | |a komunikácia |
| 610 | 2 | 0 | |a výskum |
| 610 | 2 | 0 | |a Slovensko |
| 100 | 1 | |a Bolek, Vladimír, 1988- | |
| 700 | 1 | |a Hamranová, Anna, 1957- | |
| 700 | 1 | |a Marsina, Štefan | |